000 01924nam a2200565 i 4500
001 55095
003 KOSZ 005
005 20251120094002.0
008 061018s2006 pl a f f |001 0 pol
015 _aUWD 2006/24094
020 _a8301147555
020 _a9788301147556
035 _a991031936279705066
035 _a(PL-WaBN)b18578780-48omnis_nlop
035 _ab18578780
035 _a(OCoLC)749667456
035 _awbpkbg086620
035 _a(PL)b0000001857878
035 _a(EXLNZ-48OMNIS_NETWORK)9910194113205606
040 _aWA N
_cWA N
_dKOSZ 005/HR
046 _k2006
080 _a339.5
080 _a339.7
080 _a658.14/.17
080 _a(075.8)
100 1 _aBielawska, Aurelia
_d(1951- )
_eAutor
245 1 0 _aFinanse zagraniczne MSP :
_bwybrane problemy /
_cAurelia Bielawska.
246 3 _aFinanse zagraniczne małych i średnich przedsiębiorstw
260 _aWarszawa :
_bWydawnictwo Naukowe PWN,
_c2006.
300 _a195, [1] s. :
_bil. ;
_c24 cm.
336 _aTekst
_btxt
_2rdacontent
337 _aBez urządzenia pośredniczącego
_bn
_2rdamedia
338 _aWolumin
_bnc
_2rdacarrier
380 _aKsiążki
380 _aPublikacje dydaktyczne
385 _mPoziom nauczania
_aSzkoły wyższe
388 _a2001-
490 1 _aFFF. Przedsiębiorstwo
504 _aBibliogr. s. 187-190. Indeks.
650 7 _aFinanse międzynarodowe
_2DBN
650 7 _aHandel zagraniczny
_2DBN
650 7 _aPrzedsiębiorstwa małe i średnie (MŚP)
_2DBN
655 7 _aPodręczniki akademickie
_2DBN
658 _aGospodarka, ekonomia, finanse
710 2 _aWydawnictwo Naukowe PWN
_4pbl
830 0 _aFFF - Wydawnictwo Naukowe PWN
_pPrzedsiębiorstwo
856 _uhttp://koha.tu.koszalin.pl/cgi-bin/koha/opac-detail.pl?biblionumber=55095
_yKatalog online BPK
942 _2UKD
_cKS
999 _c55095
_d55095